MARC

LEADER 00000nam0a2200000 4500
001 354286
005 20231102010657.0
035 |a (RuTPU)RU\TPU\retro\11544 
090 |a 354286 
100 |a 20200617d1944 m y0rusy50 ca 
101 0 |a rus 
102 |a RU 
105 |a a z 000zy 
200 1 |a Общедоступная астрономия  |f И. Ф. Полак 
210 |a Москва  |c ОГИЗ  |a Ленинград  |c Гостехиздат  |d 1944 
215 |a 279 с.  |c ил. 
300 |a Подписано к печати 2/IX 1944 г. 
606 1 |a Астрономия  |2 stltpush  |3 (RuTPU)RU\TPU\subj\29567  |9 52865 
610 1 |a небо 
610 1 |a звезды 
610 1 |a созвездия 
610 1 |a планеты 
610 1 |a Земля 
610 1 |a Луна 
610 1 |a Солнце 
610 1 |a астрономические наблюдения 
610 1 |a физические исследования 
610 1 |a закон всемирного тяготения 
610 1 |a затмения 
610 1 |a кометы 
610 1 |a падающие звезды 
610 1 |a звездный мир 
610 1 |a Вселенная 
610 1 |a эволюция 
610 1 |a Млечный Путь 
610 1 |a галактики 
610 1 |a туманности 
610 1 |a коллекция: 1941-1945 гг. 
610 1 |a Великая Отечественная война 1941-1945 
675 |a 52  |v 3 
700 1 |a Полак  |b И. Ф. 
801 1 |a RU  |b 63413507  |c 20200617 
942 |c BK